000 00620nam a2200229Ia 4500
003 OSt
005 20230410142818.0
008 210423s2015 xx 000 0 und d
020 _a978-93-325-5746-8
040 _cAL
041 _aeng
082 _a658.8342
_223
_bSOLC
100 _aSOLOMON (Michael R)
_985373
245 _aConsumer behavior: buying having and being Ed 11
250 _a11
260 _aChennai
_bPearson
_c2015
300 _axxii,582
_bHB
365 _b879
_cINR
650 _aMarketing Management
_985374
906 _a11 ; behavior: ; being ; buying ; Consumer ; having
942 _2ddc
_cBK
999 _c169512
_d169512